000 002780000a22000970004500
100 1 _aSchley, Donald G.
245 1 0 _aThe "salisîm" : Officers or special three-man squads?
300 _aVol. 40, Num. 3 (Julio, 1990), Páginas 321-326
773 0 _tVetus Testamentum
942 _cANA
999 _c57630
_d57630